Mannschaften der Regionalliga West 2024/25 - Statistiken

Allgemein
  • Dieses Quiz wurde 73 mal gespielt
  • Das Durchschnittsergebnis liegt bei 13 aus 18
Antwortstatistiken
Mannschaften % Korrekt
MSV Duisburg
91%
Rot-Weiß Oberhausen
91%
FC Schalke 04 II⁠
86%
Wuppertaler SV
84%
1. FC Köln II
81%
1. FC Düren
79%
Borussia Mönchengladbach II⁠
79%
SC Fortuna Köln
79%
1. FC Bocholt
77%
SC Paderborn 07 II
77%
FC Gütersloh
75%
Fortuna Düsseldorf II⁠
70%
SC Wiedenbrück
68%
Türkspor Dortmund
63%
KFC Uerdingen
61%
Sportfreunde Lotte
60%
Eintracht Hohkeppel
58%
SV Rödinghausen
53%
Keine übereinstimmenden Quizze gefunden
Verteilung der Resultate
Anzahl Personen mit jedem Resultat
Perzentil nach korrekt beantworteten Fragen
Ihre Resultats-Entwicklung
Sie haben dieses Quiz noch nicht gespielt